000 002510000a22000970004500
100 1 _aVolf, Miroslav
245 1 0 _aWhe the unclean spirit leaves
300 _aVol. 1, Núm 1 (1992), Páginas 13-24
773 0 _tEuropean Journal of Theology
942 _cANA
999 _c54093
_d54093